| 000 | 00554nam a22002057a 4500 | ||
|---|---|---|---|
| 999 |
_c6359 _d6359 |
||
| 003 | OSt | ||
| 005 | 20191025131221.0 | ||
| 008 | 191025b ||||| |||| 00| 0 eng d | ||
| 020 | _a978-0130918710 | ||
| 040 | _cDDC | ||
| 082 | _a515 STR 2002 | ||
| 100 |
_aStrauss, Monty J.; Bradley, Gerald L.; Smith, Karl J. _912998 |
||
| 245 | _aCalculus | ||
| 250 | _a3rd ed. | ||
| 260 |
_aNew Jersey; _bPrentice Hall, _c2002 |
||
| 300 |
_axxviii,969p; _bCol.ill: _c27cm |
||
| 504 | _aAppendices, & index included | ||
| 650 |
_aCalculus _9764 |
||
| 942 |
_2z _cB_BANK |
||